000
00512nam a2200181Ia 4500
008
090123s9999 xx 000 0 und d
082
_b
10642
100
_a
भिडे माधुरी
245
_a
हिमपरी
250
_a
1
260
_b
ज्योत्स्ना प्रकाशन
_c
1983
300
_a
72
600
_a
भिडे माधुरी
630
_a
हिमपरी
700
_a
भिडे माधुरी
730
_a
हिमपरी
942
_c
BOOK
999
_c
48708
_d
48708